00820nam a2200217 a 450000100060000000300080000600500170001400800410003103500190007204000370009104100080012808200220013610000360015824500960019426000410029030000340033149000790036565000150044471000630045983000800052273697BD-RjUL20211209082432.0170607s1949 xx 000 0 eng d a(BD-RjUL)73915 aDLCcTOLdOCLdEQOdBD-RjULbeng aeng a657223bBRS 19491 aBray, F. Sewellq(Frank Sewell)10aSocial accounts and the business enterprise sector of the national economy /cF Sewell Bray aCambridge :bUniversity press,c1949 aviii, 100 p. :bill. ;c25 cm aMonographs (University of Cambridge. Department of Applied Economics) ;v2 0aAccounting2 aUniversity of Cambridge.bDepartment of Applied Economics. 0aMonographs (University of Cambridge. Department of Applied Economics) ;v2.